00356nam a2200121Ia 4500008004100000082001800041100001700059245003600076260004200112300000800154630003600162730003600198100122s9999 xx 000 0 und d b21238a940.53 aBUTLER JAMES aHISTORY OF THE SECOND WORLD WAR bHER MAJESTY`S STATIONERY OFFICEc1961 a494 aHISTORY OF THE SECOND WORLD WAR aHISTORY OF THE SECOND WORLD WAR